| 000 | 00369nam a2200145Ia 4500 | ||
|---|---|---|---|
| 008 | 150201s1979 xx 000 0 und d | ||
| 082 |
_a25.431 _bD1979D |
||
| 100 | _aMELVIL DEWY | ||
| 245 | _aDEWEY DECIMAL CLASSIFICATION SCHEDULES | ||
| 250 | _a19TH | ||
| 260 |
_bFOREST PRESS _aALBANY.N.Y.USA _c1979 |
||
| 300 | _a1-1574 | ||
| 650 | _aGENERAL BOOKS | ||
| 942 |
_2ddc _cBK |
||
| 999 |
_c2586 _d2586 |
||